00321nam a2200109Ia 4500008004000000082001800040100005100058245003500109260003800144300000800182650002100190210210b1988 xxu||||| |||| 00| 0 eng d a891.4609 DESH aDESHPANDE (Kusumawati) and RAJADHYAKSHA (M V). aHistory of marathi literature. aNew Delhi.bSahitya Akademic1988 a236 aMarati Marathi